00448nam a22001577a 450000500170000001000150001702000260003203500140005803700130007208200110008510000150009624500510011126000410016227000620020330000250026520190527151024.0 aENG-125328 c128.00a9789381325100 aEN-108860 bDBAD/PUB a181.46 aSwahananda aVedanta and Vivekananda /cby Swami Swahananda aKolkatabSwami Sarvabhutanandac2012 aRamakrishna Mission Institure of CulturebKolkatae700029 aviii,416p.c22cm(Hb)